Administracion de compras y abastecimientos (Registro nro. 35457)

Detalles MARC
000 -CABECERA
Longitud fija campo de control 01002nam a22002777a 4500
003 - IDENTIFICADOR DELl NÚMERO DE CONTROL
Identificador del número de control OSt
005 - FECHA Y HORA DE LA ÚLTIMA TRANSACCIÓN
Fecha y hora de la última transacción 20241125153441.0
008 - CÓDIGOS DE INFORMACIÓN DE LONGITUD FIJA
Códigos de información de longitud fija 141027b xxu||||| |||| 00| 0 eng d
020 ## - NÚMERO INTERNACIONAL NORMALIZADO PARA LIBROS
Número Internacional Normalizado para Libros (ISBN) 978-607-15-0758-7
040 ## - FUENTE DE LA CATALOGACIÓN
Centro transcriptor BMC
082 ## - NÚMERO DE LA CLASIFICACIÓN DECIMAL DEWEY
Númeroo de clasificación 658.1553
082 ## - NÚMERO DE LA CLASIFICACIÓN DECIMAL DEWEY
Númeroo de clasificación 338.52
100 1# - PUNTO DE ACCESO PRINCIPAL-NOMBRE DE PERSONA
9 (RLIN) 49004
Nombre de persona Johnson, P. Fraser‏
245 10 - MENCIÓN DE TÍTULO
Título Administracion de compras y abastecimientos
Mención de responsabilidad, etc. P. Fraser Johnson, Michiel R. Leenders, Anna E. Flynn; revisión técnica; Antonio Valentín Castro Martínez; [traducción, Jaime Gómez Mont Araiza]
250 ## - MENCIÓN DE EDICIÓN
Mención de edición 14º ed.
260 ## - PUBLICACIÓN, DISTRIBUCIÓN, ETC. (PIE DE IMPRENTA)
Lugar de publicación, distribución, etc. México D.F.
Nombre del editor, distribuidor, etc. McGraw-Hill
Fecha de publicación, distribución, etc. cop. 2012
300 ## - DESCRIPCIÓN FÍSICA
Extensión XVII, 457 p.
Dimensiones 27 cm
595 ## - NOTA DE EDICIÓN E HISTORIA BIBLIOGRÁFICA
Nota de edición e historia bibliográfica Traducción de: Purchasing and supply management
650 24 - PUNTO DE ACCESO ADICIONAL DE MATERIA - TÉRMINO DE MATERIA
9 (RLIN) 26574
Término de materia o nombre geográfico como elemento inicial Costes de producción
650 24 - PUNTO DE ACCESO ADICIONAL DE MATERIA - TÉRMINO DE MATERIA
9 (RLIN) 3561
Término de materia o nombre geográfico como elemento inicial Precios
700 1# - PUNTO DE ACCESO ADICIONAL - NOMBRE DE PERSONA
9 (RLIN) 27299
Nombre de persona Leenders, Michiel R.‏
700 1# - PUNTO DE ACCESO ADICIONAL - NOMBRE DE PERSONA
9 (RLIN) 49005
Nombre de persona Flynn, Anna E.‏
700 1# - PUNTO DE ACCESO ADICIONAL - NOMBRE DE PERSONA
9 (RLIN) 49006
Nombre de persona Castro Martínez, Antonio Valentín
700 1# - PUNTO DE ACCESO ADICIONAL - NOMBRE DE PERSONA
9 (RLIN) 8394
Nombre de persona Gómez Mont Araiza, Jaime
942 ## - ENTRADA DE ELEMENTOS AGREGADOS (KOHA)
Fuente de clasificaión o esquema Dewey Decimal Classification
Koha [por defecto] tipo de item 1- Monografias
Parte de clasificación prozim
Existencias
Suprimido Perdido Fuente de clasificación o esquema Estropeado Restricciones de uso No para préstamo Código de colección Localización permanente Localización actual Localización en estanter&íacute;as Fecha adquisición Fuente de adquisición Número de inventario Préstamos totales Signatura completa Código de barras Fecha última consulta Coste, precio reemplazado Fecha del precio de reemplazo Tipo de item de Koha
NULL NULL Dewey Decimal Classification NULL Prestable NULL NULL Biblioteca Miguel de Cervantes - UNICAES Biblioteca Miguel de Cervantes - UNICAES Sala Principal 14/11/2024 Compra-Facultad de Ciencias Empresariales 035958   658.1553 JOH adm 1052502 03/12/2024 70.00 03/12/2024 1- Monografias